000 00686cam a2200265 i 4500
001 768714001
003 CO-MdFUSB
005 20240628173841.0
007 ta
008 240628t1943 -us||||| |||| 00| 0 eng d
040 _cCO-MdFUSB
041 _aeng
082 0 4 _224
_a234.8
_bS226p
100 1 _aSangster, W. E.
_eautor
245 1 0 _aThe Path to perfection
_c/ W. E. Sangster
264 1 _bAbingdon Cokesbury Press,
_aNew York, USA :
_c[1943]
264 4 _c©1943
300 _a207 Pag
336 _atexto
_btxt
_2rdacontent
337 _2rdamedia
_asin mediación
_bn
338 _2rdacarrier
_avolumen
_bnc
653 _aSantificación
942 _cBK
945 _aMiguel
999 _c34892
_d34892